• 首页
  • 本馆介绍
  • 公告通知
  • 最新文献
  • 馆藏检索
  • 电子资源
  • 读者荐购
  • 参考咨询
  • CALIS
  • 我的图书馆
  • 登录
  • 详细信息显示
  • 放入我的书架
  • 预约/预借图书
  • 作者相关作品
  • 分类相关作品
  • 丛书相关作品
  • 出版社相关作品

书目信息

  • 表格格式
  • 工作单格式
  • 卡片格式
题名:
心灵百合
    
 
作者: 毕淑敏 著
分册:  
出版信息: 北京   求真出版社  2010.01
页数: 242页
开本: 23cm
丛书名:
单 册:
中图分类: I267
科图分类:
主题词: 散文 , 散文--中国--现代--选集
电子资源:
ISBN: 978-7-80258-009-1
 
 
 
 
 
000 00672nam0 2200253 450
001 1234243050
005 20120109093102.17
010    @a978-7-80258-009-1@dCNY24.00
090    @aI267@bbsm
096    @aI267@bbsm
100    @a20100208d2010 em y0chiy50 ea
101 0  @achi
102    @aCN@b110000
105    @ay z 000cy
200 1  @a心灵百合@9xin ling bai he@b专著@f毕淑敏著
210    @a北京@c求真出版社@d2010.01
215    @a242页@d23cm
300    @a毕淑敏作品系列
606 0  @a散文
606 0  @a散文@y中国@z现代@j选集
690    @aI267@v4
701  0 @a毕淑敏@9bi shu min@c(女,@f1952.10~)@4著
801  0 @aCN@bCL@c20100114
905    @aZUCC@dI267@eB7636
    
    心灵百合/毕淑敏著.-北京:求真出版社,2010.01
    242页;23cm
    毕淑敏作品系列
    
    ISBN 978-7-80258-009-1:CNY24.00
    
●
相关链接 在E读中查询图书 在当当中查询图书 在豆瓣中查询图书


正题名:心灵百合     索取号:I267/B7636         预约/预借

序号 登录号 条形码 馆藏地/架位号 状态 备注
1 481175   204811757   文学库116/116文学库 2排5列6层/ [索取号:I267/B7636] 在馆    
2 481176   204811766   社科二线422/422社科库 53排4列4层/ [索取号:I267/B7636] 在馆    
3 481177   204811775   文学库116/116文学库 2排5列6层/ [索取号:I267/B7636] 在馆    
河南城建学院图书馆 欢迎您!
大连网信软件有限公司© 版权所有